00385cam a2200157ua 45000010005000000080039000050400009000440820013000531000020000662450036000862500009001222600043001313000016001746530019001906530018002093364111019n ii |||gr||||Z||||||asm cMAIN a891.45131 aGoswami, Jatin,11aAbyay abyaktacby Jatin Goswami a1st. aGuahati:bChakravarty Pustakalaya,982. a55p:c23cm. aAssamese novel aAbyay abyakta